| 000 | 00402nam a2200133Ia 4500 | ||
|---|---|---|---|
| 008 | 170516s9999 xx 000 0 und d | ||
| 245 | _aATP-Responsive and Near-Infrared-Emissive Nanocarriers for Anticancer Drug Delivery and Real-Time Imaging | ||
| 260 | _bTheranostics | ||
| 260 | _c2016 | ||
| 300 | _a6:7 | ||
| 650 | _xMedical Technology | ||
| 650 | _xMedtech | ||
| 856 | _uhttp://www.thno.org/v6i7 | ||
| 999 |
_c330010 _d330010 |
||